Statystyki dla Największe Miasta Na Litere A Część 1

Kliknij tutaj aby rozwiązać quiz!

Ogólne statystyki

  • Ten quiz został rozwiązany 42 razy
  • Średni wynik to 7 z 500

Statystyki odpowiedzi

KrajMiasto% Poprawnych
AlgieriaAlgier
60%
HolandiaAmsterdam
55%
Belgia | CzechyAs
53%
GrecjaAteny
38%
BelgiaAntwerpia
30%
Arabia SaudyjskaAnk
28%
GhanaAkra
20%
BahrajnAli
20%
AndoraAndora
20%
EtiopiaAddis Abeba
18%
HiszpaniaAlicante
18%
ErytreaAsmara
18%
HiszpaniaAlbacete
13%
AustraliaAdelaide
8%
FrancjaAjaccio
8%
ArgentynaAllen
8%
HiszpaniaAlmeria
8%
FrancjaAmiens
8%
BelgiaAns
8%
FrancjaAuxerre
8%
HiszpaniaAlcala de Henares
5%
BelgiaAnderlecht
5%
FrancjaAngers
5%
AlgieriaAnnaba
5%
GwatemalaAntigua Guatemala
5%
ChileAntofagasta
5%
Demokratyczna Republika KongaAru
5%
HiszpaniaAvila
5%
HolandiaAalsmeer
3%
BelgiaAalst
3%
HolandiaAalten
3%
HolandiaAarlanderveen
3%
GruzjaAbasza
3%
HolandiaAbbenbroek
3%
HolandiaAbcoude
3%
Arabia SaudyjskaAbha
3%
Gwinea RównikowaAcalayong
3%
GrecjaAchaarnes
3%
GruzjaAchalciche
3%
GruzjaAchalkalaki
3%
GruzjaAchmeta
3%
HolandiaAchthuizen
3%
Gwinea RównikowaAconibe
3%
HolandiaAcquoy
3%
Gwinea RównikowaAcurenam
3%
Arabia SaudyjskaAd-Dammam
3%
CzadAdre
3%
HolandiaAerdenhout
3%
FrancjaAgen
3%
GrecjaAgrinio
3%
HiszpaniaAhigal
3%
GrecjaAji Anarjiri
3%
FrancjaAlbi
3%
HiszpaniaAlcorcon
3%
HiszpaniaAldea del Fresno
3%
FrancjaAles
3%
HiszpaniaAlgeciras
3%
AustraliaAlice Springs
3%
HolandiaAlkmaar
3%
HolandiaAlmelo
3%
GwatemalaAlmolonga
3%
GwatemalaAlotenango
3%
HolandiaAlphen aan den Rijn
3%
HiszpaniaAltea
3%
Arabia SaudyjskaAl-Ujun
3%
GwatemalaAmatitlan
3%
BelgiaAmay
3%
EtiopiaAmbo
3%
GruzjaAmbrolauri
3%
HolandiaAmeide
3%
BelgiaAmel
3%
HolandiaAmmerzoden
3%
AustriaAmstetten
3%
GruzjaAnaklia
3%
HolandiaAndel
3%
HolandiaAndijk
3%
ChileAngol
3%
ChinyAngou
3%
FrancjaAngouleme
3%
Gwinea RównikowaAnisoc
3%
HolandiaAnkeveen
3%
HolandiaAnloo
3%
HolandiaAnna Paulowna
3%
GujanaAnna Regina
3%
HaitiAnse-a-Galets
3%
ChinyAnshan
3%
FrancjaAntibes
3%
HolandiaApeldoorn
3%
HiszpaniaArancon
3%
HiszpaniaAranjuez
3%
Arabia SaudyjskaArar
3%
ArmeniaArarat
3%
HaitiArcahaie
3%
ChileArica
3%
HiszpaniaArmilla
3%
FrancjaArras
3%
BelgiaAsse
3%
GwatemalaAsuncion Mita
3%
BelgiaAth
3%
HiszpaniaAviles
3%
FrancjaAwinion
3%
Gwinea RównikowaAyene
3%
GwatemalaAyutla
3%
BelgiaAalter
0%
BelgiaAarschot
0%
BelgiaAartselaar
0%
HolandiaAbbenes
0%
FrancjaAbbeville
0%
CzadAbeche
0%
CzechyAbertamy
0%
BangladeszAbhajanagar
0%
EtiopiaAbiy Addi
0%
EstoniaAbja-Paluoja
0%
BeninAbomey
0%
BeninAbomey-Calavi
0%
EtiopiaAbomsa
0%
GhanaAboso
0%
ArmeniaAbowian
0%
Arabia SaudyjskaAbu Arisz
0%
EgiptAbu Kabir
0%
GambiaAbuko
0%
GhanaAburi
0%
EgiptAbu Rudajs
0%
EgiptAbu Zanima
0%
BangladeszAchaura
0%
BułgariaAchełoj
0%
EgiptAchmim
0%
CyprAchna
0%
BoliwiaAchocalla
0%
ArmeniaAchtala
0%
BułgariaAchtopol
0%
EtiopiaAdama
0%
CzechyAdamov
0%
EgiptAd-Daba
0%
EgiptAd-Dachila
0%
Arabia SaudyjskaAd-Dawadimi
0%
ErytreaAddi Kuala
0%
Arabia SaudyjskaAd-Dilam
0%
Arabia SaudyjskaAd-Dirijja
0%
EtiopiaAddis Alem
0%
EtiopiaAddis Zemem
0%
ErytreaAddi Tekelezan
0%
GhanaAdenta East
0%
EtiopiaAdet
0%
BeninAdia-Quere
0%
EtiopiaAdigrat
0%
ErytreaAdi Kejh
0%
BeninAdjarra
0%
AlgieriaAdrar
0%
EtiopiaAdua
0%
ErytreaAfabet
0%
HolandiaAfferden
0%
BelgiaAffligem
0%
Arabia SaudyjskaAfif
0%
GhanaAflao
0%
AlgieriaAflu
0%
ArmeniaAgarak
0%
EtiopiaAgaro
0%
AzerbejdżanAgcabedi
0%
AzerbejdżanAgdam
0%
FrancjaAgde
0%
AzerbejdżanAgdere
0%
CyprAglandzia
0%
GhanaAgogo
0%
GhanaAgona
0%
ErytreaAgordat
0%
AzerbejdżanAgstafa
0%
AzerbejdżanAgsu
0%
BrazyliaAguas Lindas de Goias
0%
ArgentynaAguilares
0%
Arabia SaudyjskaAhad al Masarihah
0%
Arabia SaudyjskaAhad Rafida
0%
AlgieriaAin Taja
0%
BelgiaAiseau-Presles
0%
FrancjaAix-en-Provence
0%
FrancjaAix-les-Bains
0%
AfganistanAjbak
0%
CyprAjia Napa
0%
GrecjaAjia Paraskiewi
0%
GrecjaAjia Warwara
0%
AlgieriaAjn ad-Difla
0%
AlgieriaAjn al-Hadżal
0%
AlgieriaAjn al-Milh
0%
AlgieriaAjn Arnat
0%
AlgieriaAjn at-Turk
0%
AlgieriaAjn Azal
0%
AlgieriaAjn Bassam
0%
AlgieriaAjn Bunjan
0%
AlgieriaAjn Fakrun
0%
AlgieriaAjn Karsza
0%
AlgieriaAjn Malila
0%
AlgieriaAjn Samara
0%
AlgieriaAjn Tumuszanat
0%
AlgieriaAjn Tuta
0%
AlgieriaAjn Walman
0%
AlgieriaAjn Wisara
0%
CyprAjos Atanasios
0%
GrecjaAjos Dimitrios
0%
CyprAjos Dometios
0%
GrecjaAjos Joanis Rendis
0%
CyprAjos Tichonas
0%
ArmeniaAjrum
0%
BułgariaAjtos
0%
EtiopiaAkaki
0%
CyprAkantu
0%
AlgieriaAkbu
0%
AfganistanAkcza
0%
Demokratyczna Republika KongaAketi
0%
GhanaAkim Oda
0%
GhanaAkim Swedru
0%
BangladeszAkkelpur
0%
GabonAkok
0%
GhanaAkropong
0%
BułgariaAksakowo
0%
ChinyAksu
0%
EtiopiaAksum
0%
GhanaAkwatia
0%
AlgieriaAl-Abadia
0%
AlgieriaAl-Achdarijja
0%
AlgieriaAl-Affrun
0%
AlgieriaAl-Aghwat
0%
BrazyliaAlagoinhas
0%
DżibutiAlaili Dadda
0%
FinlandiaAlajarvi
0%
AlgieriaAl-Ajn al-Bajda
0%
AlgieriaAl-Ajn as-Safra
0%
EtiopiaAlamata
0%
BangladeszAlamdanga
0%
FilipinyAlaminos
0%
AlgieriaAl-Arba'a
0%
ChinyAlashankou
0%
AlgieriaAl-Aszur
0%
AlgieriaAl-Attaf
0%
FinlandiaAlavus
0%
Arabia SaudyjskaAl-Awamijah
0%
ArmeniaAlawerdi
0%
AlgieriaAl-Azazika
0%
Arabia SaudyjskaAl-Bada'i
0%
Arabia SaudyjskaAl-Baha
0%
AlgieriaAl-Bajad
0%
AlgieriaAl-Bajada
0%
AustraliaAlbany
0%
AlgieriaAl-Barwakijja
0%
BahamyAlbert Town
0%
HolandiaAlblasserdam
0%
BahrajnAl-Budajji
0%
Arabia SaudyjskaAl-Bukajrijah
0%
AlgieriaAl-Bulajda
0%
AustraliaAlbury
0%
AlgieriaAl-Buwajra
0%
Arabia SaudyjskaAl-Chardż
0%
Arabia SaudyjskaAl-Chubar
0%
Arabia SaudyjskaAl-Churmach
0%
AlgieriaAl-Churub
0%
HiszpaniaAlcobednas
0%
ArgentynaAlderetes
0%
Arabia SaudyjskaAl-Dżubajl
0%
Arabia SaudyjskaAl-Dżumum
0%
GrecjaAleksandropolis
0%
EtiopiaAlemaya
0%
FrancjaAlencon
0%
EtiopiaAleta Wendo
0%
BułgariaAłfatar
0%
FrancjaAlfortville
0%
EkwadorAlfredo Baquerizo Moreno
0%
BahrajnAl-Hadd
0%
AlgieriaAl-Hadżar
0%
AlgieriaAl-Harrusz
0%
EgiptAl-Hawamidijja
0%
Arabia SaudyjskaAl-Hawijja
0%
Arabia SaudyjskaAl-Hufuf
0%
BahamyAlice Town
0%
AlgieriaAl-Idirsijja
0%
GrecjaAlimos
0%
DżibutiAli Sabieh
0%
EtiopiaAlitena
0%
Arabia SaudyjskaAl-Kajsuma
0%
AlgieriaAl-Karara
0%
Arabia SaudyjskaAl-Katif
0%
BelgiaAlken
0%
Arabia SaudyjskaAl-Kudaif
0%
AlgieriaAl-Kulaja
0%
AlgieriaAl-Kull
0%
Arabia SaudyjskaAl-Kunfuza
0%
Arabia SaudyjskaAl-Kurajjat
0%
EgiptAl-Kusajr
0%
Arabia SaudyjskaAl-Kuwaj'ijja
0%
Arabia SaudyjskaAl-Kuz
0%
BeninAllada
0%
AustriaAllentsteig
0%
DaniaAllinge Sandvig
0%
Arabia SaudyjskaAl-Lis
0%
Antigua i BarbudaAll Saints
0%
GambiaAllunhari
0%
Arabia SaudyjskaAl-Machwach
0%
Arabia SaudyjskaAl-Madżma'a
0%
AlgieriaAl-Magha'ir
0%
EgiptAl-Mahalla al-Kubra
0%
AlgieriaAl-Mahdijja
0%
AlgieriaAl-Mahmal
0%
BahrajnAl-Malikijja
0%
EgiptAl-Mansura
0%
AlgieriaAl-Maszrija
0%
EgiptAl-Matarijja
0%
Arabia SaudyjskaAl-Midhnab
0%
AlgieriaAl-Midija
0%
AlgieriaAl-Milia
0%
EgiptAl-Minja
0%
ArgentynaAlmirante Brown
0%
AlgieriaAl-Muhammadijja
0%
BahrajnAl-Muharrak
0%
Arabia SaudyjskaAl-Muzahmijja
0%
Arabia SaudyjskaAl-Namas
0%
ArgentynaAlta Gracia
0%
Arabia SaudyjskaAl-Tarach
0%
ChinyAltay
0%
AustriaAltheim
0%
AustriaAlthofen
0%
ChileAlto Hoscpicio
0%
Arabia SaudyjskaAl-Ula
0%
Arabia SaudyjskaAl-'Ulajah
0%
AlgieriaAl-Ulma
0%
BelgiaAlveringem
0%
BrazyliaAlvorada
0%
AlgieriaAl-Wadi
0%
Arabia SaudyjskaAl-Wadżh
0%
GrecjaAmaliada
0%
EtiopiaAmba Mariam
0%
EkwadorAmbato
0%
GrecjaAmbelokipi
0%
AngolaAmbriz
0%
BrazyliaAmericana
0%
HolandiaAmersfoort
0%
AlgieriaAmmi Mussa
0%
CzadAm Timan
0%
BrazyliaAnanindeua
0%
BrazyliaAnapolis
0%
ArgentynaAnatuya
0%
ChileAncud
0%
ChinyAnda
0%
AfganistanAndchoj
0%
CzechyAndelska Hora
0%
BelgiaAndenne
0%
BelgiaAnderlues
0%
CzarnogóraAndrijevica
0%
BelgiaAndrooie
0%
BahamyAndros Town
0%
ChinyAndu
0%
AngolaAndulo
0%
FilipinyAngeles
0%
BrazyliaAngra Dos Reis
0%
BelgiaAnhee
0%
FinlandiaAnjalankoski
0%
ChinyAnkang
0%
EtiopiaAnkober
0%
GhanaAnloga
0%
ChinyAnlu
0%
FrancjaAnnecy
0%
FrancjaAnnemasse
0%
ChinyAnning
0%
Arabia SaudyjskaAn-Nu'ajrijja
0%
GrecjaAno Liosia
0%
GhanaAnomabu
0%
ChinyAnqing
0%
ChinyAnqiu
0%
BelgiaAnthisnes
0%
FilipinyAntipolo
0%
BelgiaAntoing
0%
BułgariaAntonowo
0%
FrancjaAntony
0%
EstoniaAntsla
0%
ChinyAnyang
0%
BelgiaAnzegem
0%
CzadAouzou
0%
GhanaApam
0%
ArmeniaAparan
0%
BrazyliaAparecida de Goiania
0%
BeninAplahoue
0%
ArgentynaApostoles
0%
BułgariaApriłci
0%
BrazyliaApucarana
0%
BrazyliaAracaju
0%
BrazyliaAracatuba
0%
CyprAradipu
0%
BrazyliaAraguaina
0%
BrazyliaAraguari
0%
ChinyAral
0%
BrazyliaArapiraca
0%
BrazyliaArapongas
0%
BrazyliaAraraquara
0%
BrazyliaAraras
0%
BrazyliaAraruama
0%
BrazyliaArarucaria
0%
EtiopiaArba Myncz
0%
EtiopiaArboje
0%
BułgariaArdino
0%
EtiopiaAreka
0%
BelgiaArendonk
0%
EkwadorArenillas
0%
ErytreaAreza
0%
FrancjaArgenteuil
0%
GrecjaArgos
0%
GrecjaArjirupoli
0%
FrancjaArles
0%
BelgiaArlon
0%
ArmeniaArmawir
0%
FrancjaArmentieres
0%
AustraliaArmidale
0%
AlgieriaAr-Ramszi
0%
Arabia SaudyjskaAr-Rass
0%
ArgentynaArrecifes
0%
BahrajnAr-Rifa
0%
ArgentynaArroyito
0%
HiszpaniaArroyomolinos
0%
ArgentynaArroyo Seco
0%
AlgieriaAr-Ruwajba
0%
EtiopiaArsi Negele
0%
Dżibuti | GrecjaArta
0%
ArmeniaArtaszat
0%
GrecjaArtemida
0%
BahamyArthur's Town
0%
ArmeniaArtik
0%
ChinyArtux
0%
ChinyArxan
0%
AlgieriaArziw
0%
ErytreaAsab
0%
AfganistanAsadabad
0%
EtiopiaAsajta
0%
GhanaAsamankese
0%
EtiopiaAsasa
0%
BoliwiaAscencion de Guarayos
0%
DżibutiAs Ela
0%
BułgariaAsenowgrad
0%
GhanaAshiaman
0%
FrancjaAsnieres-sur-Seine
0%
EtiopiaAsosa
0%
GrecjaAspropirgos
0%
EgiptAs-Sallum
0%
DżibutiAssamo
0%
AlgieriaAs-Sanija
0%
EtiopiaAssela
0%
BelgiaAssende
0%
DaniaAssens
0%
BelgiaAssesse
0%
Arabia SaudyjskaAs-Sukba
0%
Arabia SaudyjskaAs-Sulajjil
0%
AzerbejdżanAstara
0%
HiszpaniaAstorga
0%
CyprAstromeritis
0%
AlgieriaAsz-Sari'a
0%
ArmeniaAsztarak
0%
EkwadorAtacames
0%
BeninAthieme
0%
FrancjaAthis-Mons
0%
CzadAti
0%
BrazyliaAtibaia
0%
CyprAtienu
0%
AlgieriaAt-Tahir
0%
Arabia SaudyjskaAt-Ta'if
0%
AlgieriaAt-Tarif
0%
BelgiaAttert
0%
AustriaAttnang-Puchheim
0%
EgiptAt-Tur
0%
EkwadorAtuntaqui
0%
EtiopiaAuasa
0%
EtiopiaAuasz
0%
FrancjaAubagne
0%
BelgiaAubange
0%
BelgiaAubel
0%
FrancjaAubervilliers
0%
FrancjaAuch
0%
DaniaAugustenborg
0%
AlgieriaAulad-Dżalal
0%
AlgieriaAulad Hadadż
0%
AlgieriaAulad Majmun
0%
AlgieriaAulad Musa
0%
AlgieriaAulad Salama
0%
FrancjaAulnay-sous-Bois
0%
FrancjaAurillac
0%
BelgiaAvelgem
0%
ArgentynaAvellaneda
0%
BeninAvrankou
0%
BelgiaAwans
0%
EtiopiaAwbere
0%
GhanaAxim
0%
HiszpaniaAyamonte
0%
EtiopiaAyikel
0%
BelgiaAywaille
0%
EkwadorAzogues
0%
DominikanaAzua
0%
HiszpaniaAzuel
0%
ArgentynaAzul
0%
AlgieriaAzzaba
0%
Arabia SaudyjskaAz-Zahran
0%
EgiptAz-Zakazik
0%
Arabia SaudyjskaAz-Zulfi
0%

Rozkład punktacji

Percentyl według liczby udzielonych odpowiedzi

Procent ludzi z każdym wynikiem

Twoja historia wyników

Nie rozwiązałeś tego quizu